000 00312nam a22001337a 4500
008 170609b xxu||||| |||| 00| 0 eng d
020 _a0275646904
041 _aeng
080 _a327
100 _a19
101 _ashp
245 _aSOVIET CHINESE INFLUENCE THIRD WORLD
_cRUBINSTEIN.A.Z
942 _2udc
_cBK
999 _c16641
_d16641